| 000 | 00875nam a22003490a 4500 | ||
|---|---|---|---|
| 001 | PT30984 | ||
| 003 | AR-LpoUNG | ||
| 005 | 20210131233700.0 | ||
| 008 | 191001s1997||||ag |||||||||||||||||spa d | ||
| 020 |
_a9879153049 _c$21.40 |
||
| 040 |
_aAR-LpoUNG _bspa _cAR-LpoUNG _eaacr |
||
| 041 | _aspa | ||
| 044 | _aag | ||
| 082 | 0 | _aR910 226lib | |
| 100 | 1 | _aGardner, Philip | |
| 245 | 1 | 3 | _aEl libro del mundo |
| 250 | _a1§ edición | ||
| 260 |
_aBuenos Aires : _bClarín, _c1997. |
||
| 300 |
_a490 p. : _bgráfs., il. |
||
| 650 | 4 | _aGEOGRAFIA | |
| 650 | 4 | _aGEOGRAFIA ECONOMICA | |
| 650 | 4 | _aGEOGRAFIA FISICA | |
| 650 | 4 | _aGEOGRAFIA HUMANA | |
| 650 | 4 | _aGEOGRAFIA POLITICA | |
| 650 | 4 | _aMATERIAL DE REFERENCIA | |
| 650 | 4 | _aSOCIEDAD | |
| 651 | 4 | _aMundial | |
| 700 | 1 |
_aHaggett, Peter _eed. |
|
| 700 | 1 | _aScott, Allan | |
| 905 | _a30984 | ||
| 942 | _cLSALA | ||
| 999 |
_c22107 _d22107 |
||